Top 50 de l'Année 1981 - Statistiques

Statistiques générales
  • Ce quiz a été pris 22 fois
  • Le résultat moyen est 12 sur 50
Statistiques - réponses
Artiste Chanson % Correct
4 Eddy Mitchell Couleur menthe à l'eau
57%
10 Daniel Balavoine Mon fils, ma Bataille
57%
3 Herbert Leonard Pour le plaisir
57%
38 Soft Cell Tainted Love
57%
2 Kim Carnes Bette Davis eye
52%
30 Taxi Girl Cherchez le garçon
52%
11 Jean Schulteis Confidence pour Confidence
52%
1 Visage Fade to Grey
52%
39 Michel Sardou Les lacs du Connemara
52%
5 Alain Bashung Vertige de l'Amour
52%
22 O.M.D. (Orchestral manoeuvres in the Dark) Enola Gay
48%
20 Kim Wilde Kids in America
48%
7 Richard Sanderson Reality
48%
6 Michel Sardou Etre une Femme
38%
21 Ricchi E poveri Sarà perché ti amo
38%
45 Annie Cordy Tata yoyo
38%
9 Pierre Bachelet Elle est d'ailleurs
33%
32 Phil Collins In the Air Tonight
33%
49 Patrick Coutin J'aime regarder les Filles
33%
26 Barbra Streisand Woman in love
24%
27 Telephone Argent trop cher
19%
13 Aneka Japanese Boy
19%
42 Roxy Music Jealous Guy
19%
25 O.M.D (Orchestral manoeuvres in the Dark) Souvenir
19%
40 Jona Lewie Stop the cavalry
14%
18 Michel Polnareff Tam-Tam (l'homme préhisto)
14%
31 Moon Martin Bad news
10%
19 Alain Chamfort Bambou
10%
47 Bernard Lavilliers Betty
10%
44 Kim Larsen Donnez-moi du Feu
10%
28 Marty Balin Hearts
10%
37 Grover Washington Jr & Bill Withers Just the two of us
10%
16 Michel Berger Mademoiselle Chang
10%
29 Michel Polnareff Radio
10%
12 The Rolling Stones Start me up
10%
36 Tom Tom Club Wordy rapping hood
10%
15 Lime Your Love
10%
46 Black Slate Amigo
5%
50 Carol Jiani Hit n' Run Lover
5%
8 Rita Lee Lança Perfume
5%
14 B.B. & Q Band On the Beat
5%
41 Alain Chamfort Paradis
5%
34 Rod Stewart Passion
5%
35 The Clash The magnificent seven
5%
33 Genesis Abacab
0%
48 The Police De do do do De da da da
0%
24 Eddy Grant Do you feel my love
0%
23 Michel Sardou La génération loving you
0%
17 Robert Palmer Looking for clues
0%
43 Alain Bashung Rebel
0%
Aucun quiz correspondant
Distribution des résultats
% des personnes avec chaque résultat
Percentile par nombre de réponses
Votre historique - résultats
Vous n’avez pas pris ce quiz